Estados Unidos en Nicaragua

Uloženo v:
Podrobná bibliografie
Hlavní autor: Moncada, José María
Médium: Text
Vydáno: Managua :
Tagy: Přidat tag
Žádné tagy, Buďte první, kdo vytvoří štítek k tomuto záznamu!

MARC

LEADER 00000 a a2200000 04500
001 17136
003
040 |a CRAI/IIS  |c CRAI/IIS 
090 |a 007000  
100 |a Moncada, José María  
245 |a Estados Unidos en Nicaragua  
260 |a Managua :  
300 |a 207 p.  
999 |c 17090  |d 17090